| 000 | 00898cam a2200265 a 4500 | ||
|---|---|---|---|
| 001 | 000023543 | ||
| 005 | 20240226143822.0 | ||
| 008 | 790925s1946 ag 001 e spa d | ||
| 040 |
_aDO-SdBNP _bspa _cBNPHU |
||
| 082 |
_a864.64 _bC174L, 1946 |
||
| 100 | 1 |
_aCamba, Julio, _d1882-1962 _93094 |
|
| 245 | 1 | 0 |
_aLondres / _cJulio Camba. |
| 250 | _a4a ed. | ||
| 260 |
_aBuenos Aires, Argentina : _bEspasa-Calpe Argentina, _c1946. |
||
| 300 |
_a154 p. ; _c18 cm. |
||
| 490 | 1 |
_aAustral. Negra: viajes y reportajes _v22 |
|
| 500 | _aIncluye índice de autores. | ||
| 650 | 4 |
_aEnsayos españoles _93095 |
|
| 650 | 4 |
_aLiteratura española _9632 |
|
| 651 | 4 |
_aLondres (Inglaterra{Rpara} _xVida Social Y Costumbres _ySIGLO XX _942206 |
|
| 651 | 4 |
_aLondres (Inglaterra{Rpara} _xDescripciones Y Viajes _942207 |
|
| 830 | 0 |
_aAustral. _pNegra: viajes y reportajes ; _v22 _941665 |
|
| 910 | _aWM | ||
| 049 | _aBNGR | ||
| 999 |
_c23039 _d23039 |
||